Postupujeme při stanovení výše odměny u zlepšovacích návrhů a vynálezů na úseku bezpečnosti práce vždy správně?

Bibliographic Details
Main Author: Nesvadba, Jindřich, činný 20. storočie (Author)
Format: Article
Language:Slovak
PhysicalDescription:Tb. 1.
Subjects:

MARC

LEADER 00000nab a2200000 a 4500
001 vtls000135317
003 SK-MaSNL
005 20260304073456.0
008 250422c1982 xo 0 slo
015 |a SNBRB19rr/mm-uuuuu 
035 |a CL0145423 
035 |a urn:nbn:sk:snk-abao2d 
035 |a (urnnbn)urn:nbn:sk:snk:ar-a0amse 
035 |a (uuid)8fa7be51-2789-4bec-b48c-9586518ff835 
040 |a SNKBUCL  |b slo  |c SNKBUCL  |e AACR2 
041 0 |a slo 
044 |a xo  |c SK 
080 |a 331.82  |2 1981 
080 |a 321.2  |2 1981 
080 |a 331.876  |2 1981 
100 1 |a Nesvadba, Jindřich,  |d činný 20. storočie  |4 aut  |9 6265 
245 1 0 |a Postupujeme při stanovení výše odměny u zlepšovacích návrhů a vynálezů na úseku bezpečnosti práce vždy správně?  |c Jindřich Nesvadba 
300 |b Tb. 1. 
650 0 7 |a bezpečnosť práce  |2 snkbucl  |9 1296 
650 0 7 |a zlepšovacie návrhy  |2 snkbucl  |9 51995 
650 0 7 |a odmeny  |2 snkbucl  |9 493371 
655 7 |a články z novín a časopisov  |2 snkbucl  |9 267496 
773 0 |t Bezpečná práca  |g Roč. 13, č. 3 (1982), s. 136-138 
850 |a Slovenská národná knižnica 
852 |a Slovenská národná knižnica 
954 |a odborná, vedecká literatúra pôvodná (slovenská)  |2 lita 
958 |a article14 
958 |a RK 
958 |a OND 
958 |a EUIPO 
992 |a RBX 
999 |c 2771664  |d 2773594